000 00626nam a2200241Ia 4500
003 OSt
005 20221007071100.0
006 a|||||r|||| 00| 0
007 ta
008 221006b |||||||| |||| 00| 0 eng d
024 _a21,567
037 _cTextual
040 _aFLL
_cFLL
_beng
041 _2eng
_aeng
082 _aZ2:83, G6;1
100 _aHaque Abdul
_9593290
245 0 _aThe Indian stamp act,1899
250 _a1st
260 _aLahore
_bThe Ripon Printing Press Pakistan
_c1936
300 _axvii,426p
_ccm.
942 _hZ2:83, G6;1
_cTEXL
_2CC
999 _c1142396
_d1142396